[Event "Commonwealth Chess Championship 2008"]
[Site "Nagpur India"]
[Date "2008.10.04"]
[Round "?"]
[White "Vikramaditya, Kamble"]
[Black "Kumar R A, Pradeep"]
[Result "0-1"]
[WhiteElo "2376"]
[BlackElo "2250"]
[PlyCount "90"]
[EventDate "2008.09.28"]
[Source "MonRoi"]

1. e4 c5 2. Nf3 Nc6 3. d4 cxd4 4. Nxd4 Nf6 5. Nc3 e5 6. Ndb5 d6 7. a4 a6 8. Na3
Be6 9. Bc4 Rc8 10. Bg5 Nd4 11. Nd5 Bxd5 12. Bxd5 Qa5+ 13. c3 Nxd5 14. exd5 Nf5
15. O-O Be7 16. b4 Qd8 17. Bxe7 Qxe7 18. Qd3 e4 19. Qh3 Qe5 20. c4 O-O 21. a5
Rfe8 22. Rfe1 g6 23. Rac1 e3 24. fxe3 Qb2 25. e4 Rxe4 26. Rxe4 Qxc1+ 27. Kf2
Qd2+ 28. Re2 Qxb4 29. Qd3 h5 30. g3 Qxa5 31. Kg2 b5 32. Re4 b4 33. Nb1 Qa1 34.
h3 Qb2+ 35. Re2 Qd4 36. Qxd4 Nxd4 37. Re4 Nc2 38. Nd2 Kf8 39. Kf2 a5 40. Ke2 f5
41. Rf4 Re8+ 42. Kd3 Ne1+ 43. Kd4 Re2 44. Nf3 Re4+ 45. Rxe4 Nxf3+ 0-1

[Event "Commonwealth Chess Championship 2008"]
[Site "Nagpur India"]
[Date "2008.10.04"]
[Round "?"]
[White "Rahul, Sangma"]
[Black "Vinay Kumar, Matta"]
[Result "1-0"]
[WhiteElo "2339"]
[BlackElo "2265"]
[PlyCount "69"]
[EventDate "2008.09.28"]
[Source "MonRoi"]

1. Nf3 Nf6 2. g3 g6 3. b3 Bg7 4. Bb2 O-O 5. c4 d6 6. d4 c5 7. Bg2 Ne4 8. O-O
Nc6 9. e3 Bg4 10. Qc2 f5 11. a3 Bxf3 12. Bxf3 cxd4 13. Bxe4 fxe4 14. Qxe4 dxe3
15. Qe6+ Kh8 16. Bxg7+ Kxg7 17. Qxe3 e5 18. Nd2 Nd4 19. Qe4 Rf7 20. b4 Qf6 21.
Rac1 Raf8 22. f4 Qf5 23. Rce1 Nc2 24. Rc1 Nd4 25. Rcd1 Qh5 26. Nf3 Ne6 27. Rxd6
Nxf4 28. gxf4 Rxf4 29. Rd7+ Kh8 30. Qxb7 e4 31. Qd5 Qg4+ 32. Kh1 exf3 33. Rg1
Qh3 34. Qe5+ R4f6 35. Rd8 1-0

[Event "Commonwealth Chess Championship 2008"]
[Site "Nagpur India"]
[Date "2008.10.04"]
[Round "?"]
[White "K, Rathnakaran"]
[Black "Manisha Mohanty, Kiran"]
[Result "0-1"]
[WhiteElo "2453"]
[BlackElo "2246"]
[PlyCount "70"]
[EventDate "2008.09.28"]
[Source "MonRoi"]

1. e4 e5 2. Nf3 Nc6 3. d4 exd4 4. Bc4 Nf6 5. O-O Be7 6. e5 Ne4 7. Bd5 Nc5 8. c3
dxc3 9. Nxc3 O-O 10. Be3 Ne6 11. Qa4 d6 12. Rad1 Bd7 13. Qe4 Qc8 14. Rfe1 Kh8
15. Bb3 Nxe5 16. Nxe5 dxe5 17. Bc2 f5 18. Qxe5 Bd6 19. Rxd6 cxd6 20. Qxd6 Qc7
21. Qd1 Bc6 22. g3 Qf7 23. Bb3 Rfe8 24. Ne2 Bf3 25. Qd6 Rad8 26. Qe5 Bxe2 27.
Rxe2 Qh5 28. Qb5 a6 29. Qc4 b5 30. Qc2 Nd4 31. Bxd4 Qxe2 32. Bc3 Qxc2 33. Bxc2
Rc8 34. Bxf5 Rxc3 35. bxc3 Re2 0-1

[Event "Commonwealth Chess Championship 2008"]
[Site "Nagpur India"]
[Date "2008.10.04"]
[Round "?"]
[White "Jha, Sriram"]
[Black "Pankaj, Joshi"]
[Result "1/2-1/2"]
[WhiteElo "2428"]
[BlackElo "2281"]
[PlyCount "98"]
[EventDate "2008.09.28"]
[Source "MonRoi"]

1. d4 Nf6 2. c4 c5 3. d5 e5 4. Nc3 d6 5. e4 Be7 6. g3 O-O 7. Bg2 Nbd7 8. Nge2
a6 9. O-O Ne8 10. Be3 g6 11. f4 f5 12. Qd2 Ng7 13. Kh1 Bf6 14. Rab1 b6 15. b4
Ra7 16. Rfc1 Re8 17. a4 Rc7 18. bxc5 bxc5 19. Bg1 Rb7 20. Rxb7 Bxb7 21. exf5
gxf5 22. Nd1 Bc8 23. Ne3 Nf8 24. fxe5 Bxe5 25. Bf3 Ng6 26. Ng2 Bf6 27. Nef4 Ne5
28. Be2 Bd7 29. Rb1 Bxa4 30. Qa2 Bd7 31. Qxa6 Bc8 32. Qb6 Be7 33. Ne3 Bg5 34.
Neg2 Qe7 35. Bf1 Bxf4 36. gxf4 Nf3 37. Bf2 Qf7 38. Qxd6 Qh5 39. Bg1 Nd2 40. Qb6
Qf3 41. Bxc5 Nxf1 42. Qb3 Qxb3 43. Rxb3 Nd2 44. Rb4 Ba6 45. Ne3 Rc8 46. d6 Ne4
47. Bb6 Bb7 48. Kg1 Kf7 49. Nxf5 Rh8 1/2-1/2

[Event "Commonwealth Chess Championship 2008"]
[Site "Nagpur India"]
[Date "2008.10.04"]
[Round "?"]
[White "Swayangsu, Satyapragyan"]
[Black "Ja, Ophoff"]
[Result "1-0"]
[WhiteElo "2414"]
[BlackElo "2275"]
[PlyCount "95"]
[EventDate "2008.09.28"]
[Source "MonRoi"]

1. e4 c5 2. Nf3 d6 3. d4 cxd4 4. Nxd4 Nf6 5. Nc3 a6 6. h3 e5 7. Nde2 Be6 8. g4
d5 9. exd5 Nxd5 10. Bg2 Nxc3 11. Qxd8+ Kxd8 12. Nxc3 Kc7 13. O-O Nd7 14. Rd1
Rc8 15. Ne4 Be7 16. b3 h5 17. g5 Nc5 18. Bb2 Nxe4 19. Bxe4 f6 20. h4 Rcd8 21.
Kf1 Kc8 22. Ke2 Bc5 23. Rd3 Rxd3 24. cxd3 b6 25. Bc3 Rd8 26. Rc1 Kb8 27. Bd2
Bg4+ 28. f3 Bc8 29. Bg6 Bb7 30. Rh1 Rh8 31. Bf7 Kc7 32. b4 Bd4 33. Rh3 Kd6 34.
Rg3 f5 35. g6 f4 36. Rg5 Bc8 37. Bxf4 Bd7 38. Be3 Bxe3 39. Kxe3 b5 40. d4 exd4+
41. Kxd4 Be6 42. Bxe6 Kxe6 43. Rc5 Kd6 44. f4 Re8 45. Rd5+ Kc6 46. Rxh5 Rd8+
47. Ke3 Rd6 48. f5 1-0

[Event "Commonwealth Chess Championship 2008"]
[Site "Nagpur India"]
[Date "2008.10.04"]
[Round "?"]
[White "S  Dhopade, Swapnil"]
[Black "Chinna Reddy C H, Mehar"]
[Result "1-0"]
[WhiteElo "2389"]
[BlackElo "2239"]
[PlyCount "147"]
[EventDate "2008.09.28"]
[Source "MonRoi"]

1. d4 d5 2. c4 c6 3. Nf3 Nf6 4. e3 Bg4 5. h3 Bxf3 6. Qxf3 e6 7. Nc3 Nbd7 8. Bd3
g6 9. O-O Bg7 10. cxd5 cxd5 11. Qd1 O-O 12. Qb3 Qb6 13. Bd2 Rfc8 14. Rfc1 a6
15. Na4 Qxb3 16. axb3 Ne8 17. b4 Nd6 18. Nc5 Nb6 19. b3 Bf8 20. f3 Bg7 21. Be1
Bh6 22. Bd2 Kf8 23. Kf2 Ke8 24. Ke2 Bg7 25. g4 Nd7 26. Be1 Bf8 27. Rc2 Be7 28.
Rca2 Nb6 29. Ra5 Nd7 30. R5a2 Nb6 31. h4 h6 32. h5 g5 33. Kd1 Bf8 34. Ra5 Be7
35. Bg3 Nd7 36. R5a2 Bf8 37. Rc2 Be7 38. Bxd6 Bxd6 39. Nxb7 Bxb4 40. Rxa6 Ke7
41. Ra4 Rxc2 42. Kxc2 Rc8+ 43. Kd1 Rc3 44. Rxb4 Rxd3+ 45. Ke2 Rc3 46. Kd2 Rc7
47. Rb5 Rc6 48. Na5 Ra6 49. b4 Kd6 50. Kd3 Ra7 51. Rb7 Rxb7 52. Nxb7+ Kc7 53.
Nc5 Nf6 54. Kc3 Kb6 55. Nd3 Ne8 56. Ne5 Nd6 57. Nd7+ Kc7 58. Nf6 Kd8 59. e4 Ke7
60. e5 Nb5+ 61. Kd3 Nc7 62. Ke3 Nb5 63. Kd3 Nc7 64. Kd2 Nb5 65. Ke3 Na3 66. f4
Nc2+ 67. Kd3 Nxb4+ 68. Kc3 Nc6 69. fxg5 hxg5 70. h6 Kf8 71. Nh7+ Kg8 72. Nxg5
Nd8 73. Kb4 Kf8 74. Kb5 1-0

[Event "Commonwealth Chess Championship 2008"]
[Site "Nagpur India"]
[Date "2008.10.04"]
[Round "?"]
[White "R, Premnath"]
[Black "Nikil P, Shyam"]
[Result "1-0"]
[WhiteElo "2257"]
[BlackElo "2364"]
[PlyCount "61"]
[EventDate "2008.09.28"]
[Source "MonRoi"]

1. d4 Nf6 2. c4 c5 3. d5 b5 4. Nd2 bxc4 5. e4 c3 6. bxc3 g6 7. Bd3 Bg7 8. Ngf3
O-O 9. O-O d6 10. Qc2 Nbd7 11. h3 e6 12. dxe6 fxe6 13. Rb1 Nh5 14. Re1 Qe7 15.
Bf1 Kh8 16. a4 Qf6 17. Nc4 Nf4 18. e5 dxe5 19. Ncxe5 Nxe5 20. Nxe5 Qg5 21. Bxf4
Rxf4 22. h4 Qh5 23. g3 Bxe5 24. Bg2 Rb8 25. gxf4 Rxb1 26. Qxb1 Bxc3 27. Re3 Bb4
28. Qd3 Qxh4 29. Qd6 Qf6 30. Qb8 Qd8 31. Bb7 1-0

[Event "Commonwealth Chess Championship 2008"]
[Site "Nagpur India"]
[Date "2008.10.04"]
[Round "?"]
[White "Sunil Mokal, Prathamesh"]
[Black "Rao, Prasanna"]
[Result "0-1"]
[WhiteElo "2358"]
[BlackElo "2233"]
[PlyCount "98"]
[EventDate "2008.09.28"]
[Source "MonRoi"]

1. e4 e5 2. Nf3 Nc6 3. Bb5 a6 4. Ba4 Nf6 5. O-O Be7 6. Re1 b5 7. Bb3 O-O 8. a4
b4 9. d3 d6 10. Nbd2 Na5 11. Ba2 c5 12. c3 Rb8 13. d4 Qc7 14. Nf1 exd4 15. cxd4
c4 16. Ng3 b3 17. Bb1 c3 18. Bd3 Nc6 19. Bc4 Na5 20. Bd3 Nc6 21. Bc4 Na5 22.
Bf1 Nc6 23. Ra3 c2 24. Qd3 Na5 25. Bf4 h6 26. Raa1 Nc6 27. Nd2 Qb6 28. Nf3 Qa7
29. Ra3 Nb4 30. Qxb3 Nbd5 31. exd5 Rxb3 32. Rxb3 Nxd5 33. Bd2 Be6 34. Rc1 Rc8
35. Ra3 Qb7 36. b3 Nb4 37. a5 d5 38. Raa1 Bd7 39. Ne1 Bg5 40. f4 Bf6 41. Nf3
Bb5 42. Bxb4 Bxf1 43. Bd6 Bd3 44. b4 Qb5 45. Ne5 Bxe5 46. fxe5 Qc4 47. Bc5 Rxc5
48. dxc5 Qxb4 49. Nh1 Qxc5+ {NF2 Bg6 Kf1 d4 Re1 d3} 0-1

[Event "Commonwealth Chess Championship 2008"]
[Site "Nagpur India"]
[Date "2008.10.05"]
[Round "?"]
[White "Surya Shekhar, Ganguly"]
[Black "R R, Laxman"]
[Result "1/2-1/2"]
[WhiteElo "2631"]
[BlackElo "2498"]
[PlyCount "93"]
[EventDate "2008.09.28"]
[Source "MonRoi"]

1. e4 e5 2. Nf3 Nf6 3. Nxe5 d6 4. Nf3 Nxe4 5. d4 d5 6. Bd3 Be7 7. O-O Nc6 8. c4
Nf6 9. Nc3 O-O 10. h3 Nb4 11. Be2 dxc4 12. Bxc4 c6 13. Ne5 Nbd5 14. Bg5 Be6 15.
Re1 Nxc3 16. bxc3 Bxc4 17. Nxc4 Nd5 18. Bxe7 Nxe7 19. Rb1 b5 20. Ne5 Qc7 21.
Qb3 Qd6 22. Re2 Rac8 23. Rbe1 Nd5 24. Nd3 g6 25. Re5 a5 26. Nc5 Kg7 27. Qc2 Rc7
28. Qd2 Nb6 29. Qe2 Nd7 30. Ne4 Qa3 31. Nc5 Nxc5 32. Rxc5 f6 33. c4 b4 34. Qc2
a4 35. Rb1 Rd8 36. Ra5 Rxd4 37. Rxa4 Rxc4 38. Qxc4 Qxa4 39. Rxb4 Qd1+ 40. Kh2
Qd6+ 41. g3 Ra7 42. Qb3 Qd2 43. Rb7+ Kh6 44. Rxa7 Qxf2+ 45. Kh1 Qf1+ 46. Kh2
Qf2+ 47. Kh1 1/2-1/2

[Event "Commonwealth Chess Championship 2008"]
[Site "Nagpur India"]
[Date "2008.10.05"]
[Round "?"]
[White "Abhijit, Kunte"]
[Black "Krishnan B T, Murali"]
[Result "1-0"]
[WhiteElo "2554"]
[BlackElo "2412"]
[PlyCount "79"]
[EventDate "2008.09.28"]
[Source "MonRoi"]

1. c4 e6 2. d4 d5 3. Nf3 Nf6 4. g3 dxc4 5. Bg2 a6 6. O-O c5 7. dxc5 Qxd1 8.
Rxd1 Bxc5 9. Ne5 Ra7 10. Nxc4 b5 11. Bf4 Nbd7 12. Nd6+ Ke7 13. Nc3 Nh5 14. Bg5+
f6 15. Nxc8+ Rxc8 16. Bd2 f5 17. e4 g6 18. exf5 gxf5 19. Rac1 Rac7 20. Ne2 Nhf6
21. Nf4 Bd6 22. Rxc7 Rxc7 23. Nd3 Nd5 24. Ba5 Rc4 25. Bxd5 exd5 26. b3 Rd4 27.
Bc3 Re4 28. Kf1 Kf7 29. Ne1 b4 30. Bb2 Nb6 31. Rc1 Nd7 32. Nf3 Be7 33. Rc7 Ke8
34. Rc8+ Kf7 35. Rc7 Ke8 36. Rc6 f4 37. Nd2 fxg3 38. Nxe4 dxe4 39. hxg3 a5 40.
Bd4 1-0

[Event "Commonwealth Chess Championship 2008"]
[Site "Nagpur India"]
[Date "2008.10.05"]
[Round "?"]
[White "Dibyendu, Barua"]
[Black "Roy, Saptarshi"]
[Result "1/2-1/2"]
[WhiteElo "2497"]
[BlackElo "2404"]
[PlyCount "102"]
[EventDate "2008.09.28"]
[Source "MonRoi"]

1. e4 c5 2. Nf3 d6 3. d4 cxd4 4. Nxd4 Nf6 5. Nc3 g6 6. Be2 Bg7 7. O-O O-O 8.
Bg5 Nc6 9. Nb3 Be6 10. Kh1 Rc8 11. f4 a6 12. Bh4 b5 13. Bf3 Nd7 14. Rb1 Nb4 15.
Nd5 Nxd5 16. exd5 Bf5 17. Rf2 Rc4 18. Qe1 Qb6 19. Qxe7 Bf6 20. Bxf6 Qxf2 21.
Bg5 h5 22. Rg1 Rxc2 23. Na5 Rcc8 24. Bh4 Qxb2 25. Nc6 Qa3 26. Nd4 Rce8 27. Qg5
f6 28. Qh6 Qd3 29. Rd1 Qxd4 30. Rxd4 Re7 31. Bxh5 Rh7 32. Qxh7+ Kxh7 33. Bf3
Rc8 34. g4 Bb1 35. a4 Rc4 36. Rxc4 bxc4 37. Be1 Nc5 38. a5 Nd3 39. Bd2 Nf2+ 40.
Kg1 Ne4 41. Bb4 Kg7 42. Kf1 Bd3+ 43. Ke1 Kf7 44. h4 c3 45. Kd1 c2+ 46. Kc1 Ke7
47. h5 gxh5 48. gxh5 Nf2 49. Be1 Nh3 50. Bd2 Ng1 51. Bg4 f5 1/2-1/2

[Event "Commonwealth Chess Championship 2008"]
[Site "Nagpur India"]
[Date "2008.10.05"]
[Round "?"]
[White "M  S, Thejkumar"]
[Black "Rahul, Sangma"]
[Result "1-0"]
[WhiteElo "2441"]
[BlackElo "2339"]
[PlyCount "67"]
[EventDate "2008.09.28"]
[Source "MonRoi"]

1. d4 Nf6 2. Nf3 e6 3. c4 b6 4. Qa4 Bb7 5. Bg5 h6 6. Bh4 c5 7. dxc5 bxc5 8. Nc3
Be7 9. e3 O-O 10. Be2 Qb6 11. Qc2 d5 12. O-O Rd8 13. cxd5 exd5 14. Na4 Qc6 15.
Bxf6 Qxf6 16. Nxc5 Rc8 17. Qb3 Bxc5 18. Qxb7 Nc6 19. Qb5 Ne7 20. Rac1 Rab8 21.
Qa5 Qb6 22. Qxb6 Bxb6 23. Ba6 Rd8 24. Rfd1 Rd6 25. Bd3 g6 26. b4 Rbd8 27. b5 d4
28. e4 Ba5 29. Ne5 Bc3 30. Bc4 Rf8 31. Rxc3 dxc3 32. Rxd6 Rc8 33. Rd1 Kg7 34.
Bb3 1-0

[Event "Commonwealth Chess Championship 2008"]
[Site "Nagpur India"]
[Date "2008.10.05"]
[Round "?"]
[White "Khamparia, Akshat"]
[Black "Niaz, Murshed"]
[Result "1/2-1/2"]
[WhiteElo "2305"]
[BlackElo "2437"]
[PlyCount "57"]
[EventDate "2008.09.28"]
[Source "MonRoi"]

1. d4 d6 2. c4 e5 3. Nf3 e4 4. Ng5 f5 5. Nc3 Be7 6. Nh3 Nf6 7. Bg5 Be6 8. e3
Nbd7 9. Nf4 Bf7 10. h4 h6 11. Bxf6 Bxf6 12. g4 c5 13. gxf5 cxd4 14. exd4 O-O
15. Bg2 Bxh4 16. Qe2 Rc8 17. Bxe4 Bxc4 18. Bd5+ Bxd5 19. Ncxd5 Re8 20. Ne3 Bg5
21. Ne6 Qa5+ 22. Qd2 Qb5 23. a4 Qa6 24. Rg1 Nf6 25. Qe2 Qa5+ 26. Kf1 Ne4 27.
Rg4 Nf6 28. Rg1 Qxa4 29. Rxa4 1/2-1/2

[Event "Commonwealth Chess Championship 2008"]
[Site "Nagpur India"]
[Date "2008.10.05"]
[Round "?"]
[White "Jayaram, Ashwin"]
[Black "Kumar R A, Pradeep"]
[Result "1-0"]
[WhiteElo "2436"]
[BlackElo "2250"]
[PlyCount "73"]
[EventDate "2008.09.28"]
[Source "MonRoi"]

1. e4 c5 2. Nf3 Nc6 3. d4 cxd4 4. Nxd4 Nf6 5. Nc3 e5 6. Ndb5 d6 7. Bg5 a6 8.
Na3 b5 9. Nd5 Be7 10. Bxf6 Bxf6 11. c4 b4 12. Nc2 Rb8 13. b3 O-O 14. g3 Bg5 15.
Bg2 Qa5 16. O-O Qc5 17. Qh5 Bd8 18. Kh1 Be6 19. Nce3 Nd4 20. f4 g6 21. Qh6 f5
22. g4 exf4 23. gxf5 Bxd5 24. fxg6 Rb7 25. Nxd5 hxg6 26. Nxf4 Bf6 27. Nxg6 Rff7
28. Rxf6 Rxf6 29. Qh8+ Kf7 30. Qh7+ Ke8 31. Qxb7 Rxg6 32. Rf1 Qg5 33. Qf7+ Kd8
34. Qf8+ Kc7 35. Rf7+ Kb6 36. Qb8+ Kc5 37. Qa7+ 1-0

[Event "Commonwealth Chess Championship 2008"]
[Site "Nagpur India"]
[Date "2008.10.05"]
[Round "?"]
[White "Ponnuswamy, Konguvel"]
[Black "D P, Singh"]
[Result "1/2-1/2"]
[WhiteElo "2415"]
[BlackElo "2299"]
[PlyCount "94"]
[EventDate "2008.09.28"]
[Source "MonRoi"]

1. e4 e5 2. Nf3 Nc6 3. Bb5 a6 4. Ba4 Nf6 5. O-O Be7 6. Re1 b5 7. Bb3 d6 8. c3
O-O 9. h3 Na5 10. Bc2 c5 11. d4 Nd7 12. Nbd2 exd4 13. cxd4 Bb7 14. d5 Bf6 15.
Rb1 Rc8 16. b3 Re8 17. Nf1 g6 18. Bf4 Ne5 19. N1h2 Bg7 20. Nxe5 dxe5 21. Be3
Ba8 22. a4 Nb7 23. axb5 axb5 24. b4 c4 25. Ra1 Bf8 26. Qd2 Nd6 27. Qc3 f5 28.
f3 f4 29. Bf2 Bb7 30. Ra5 Ra8 31. Rxa8 Bxa8 32. Ra1 Bb7 33. Ng4 Bc8 34. Ra8 h5
35. Nxe5 Qg5 36. Rxc8 Nxc8 37. Nd7 Bg7 38. Bd4 Bxd4+ 39. Qxd4 Re7 40. Qc5 Rxd7
41. Qxc8+ Rd8 42. Qe6+ Kg7 43. Qb6 Kh6 44. Qa5 c3 45. Qc7 Qf6 46. e5 Qg5 47. d6
Qxe5 1/2-1/2

[Event "Commonwealth Chess Championship 2008"]
[Site "Nagpur India"]
[Date "2008.10.05"]
[Round "?"]
[White "Subbaraman, Meenakshi"]
[Black "Magesh Chandran, Panchanathan"]
[Result "0-1"]
[WhiteElo "2336"]
[BlackElo "2486"]
[PlyCount "108"]
[EventDate "2008.09.28"]
[Source "MonRoi"]

1. d4 Nf6 2. c4 e6 3. Nc3 Bb4 4. Qc2 O-O 5. a3 Bxc3+ 6. Qxc3 b6 7. Nf3 Bb7 8.
e3 d6 9. b4 a5 10. Bb2 Ne4 11. Qb3 Nd7 12. Be2 axb4 13. axb4 Rxa1+ 14. Bxa1 Ng5
15. Qd1 Nxf3+ 16. Bxf3 Bxf3 17. Qxf3 d5 18. O-O Nf6 19. cxd5 exd5 20. Rc1 Qd7
21. Bc3 Ra8 22. Qd1 Ne4 23. Be1 Nd6 24. Ra1 Qc6 25. Rxa8+ Qxa8 26. Qc1 Nc4 27.
e4 f6 28. h3 Qa3 29. Qb1 Qb2 30. Qxb2 Nxb2 31. exd5 Kf7 32. f3 Ke7 33. Bg3 Kd7
34. Kf1 b5 35. Ke2 Nc4 36. Kd3 f5 37. Be5 g6 38. g4 Nb6 39. d6 cxd6 40. Bf4 Nd5
41. Bd2 Ke6 42. Ke2 Kd7 43. Kd3 Kc6 44. gxf5 gxf5 45. Ke2 Nc7 46. Ke3 Ne6 47.
Kd3 Kd5 48. Be3 f4 49. Bd2 Nxd4 50. Bxf4 Nxf3 51. Bc1 Ne5+ 52. Kc3 Ke4 53. h4
h5 54. Bg5 d5 0-1

[Event "Commonwealth Chess Championship 2008"]
[Site "Nagpur India"]
[Date "2008.10.05"]
[Round "?"]
[White "Gogineni, Rohit"]
[Black "Babu M R, Lalith"]
[Result "1-0"]
[WhiteElo "2457"]
[BlackElo "2328"]
[PlyCount "107"]
[EventDate "2008.09.28"]
[Source "MonRoi"]

1. e4 c6 2. d4 d5 3. Nc3 dxe4 4. Nxe4 Bf5 5. Ng3 Bg6 6. h4 h6 7. Nf3 Nd7 8. h5
Bh7 9. Bd3 Bxd3 10. Qxd3 e6 11. Bf4 Qa5+ 12. Bd2 Bb4 13. c3 Be7 14. c4 Qc7 15.
O-O-O Ngf6 16. Rhe1 O-O 17. Nf5 exf5 18. Rxe7 Qd6 19. Re2 Ne4 20. g3 b5 21. Bf4
Qe6 22. Nd2 bxc4 23. Qxc4 Qd5 24. Qxd5 cxd5 25. Nf1 Rfe8 26. Ne3 Ndf6 27. f3
Ng5 28. Bxg5 hxg5 29. Rde1 Nxh5 30. Nxf5 Rxe2 31. Rxe2 g6 32. Ne3 Rd8 33. Kd2
f6 34. Nf1 Kf7 35. Re3 Ng7 36. Ra3 Rd7 37. Ra5 Nf5 38. Kd3 Ke6 39. Ra6+ Ke7 40.
b4 Rb7 41. a3 Rd7 42. a4 Rb7 43. b5 Rd7 44. g4 Nh4 45. Nd2 Ng2 46. Nb3 Ne1+ 47.
Ke2 Nc2 48. Rc6 Nb4 49. Rc8 Rd8 50. Rxd8 Kxd8 51. Kd2 Kc7 52. Nc5 Na2 53. Nd3
Kb6 54. Kc2 1-0

[Event "Commonwealth Chess Championship 2008"]
[Site "Nagpur India"]
[Date "2008.10.05"]
[Round "?"]
[White "Sundar M, Shyam"]
[Black "Deep, Sengupta"]
[Result "0-1"]
[WhiteElo "2312"]
[BlackElo "2454"]
[PlyCount "110"]
[EventDate "2008.09.28"]
[Source "MonRoi"]

1. e4 e6 2. d4 d5 3. Nc3 Nc6 4. Nf3 Nf6 5. Bg5 Be7 6. Bxf6 Bxf6 7. Bb5 O-O 8.
O-O Na5 9. Re1 a6 10. Bf1 g6 11. Ne5 Bg7 12. Qd2 f6 13. Nf3 b6 14. Rad1 Bb7 15.
h4 Qd7 16. h5 g5 17. e5 h6 18. exf6 Rxf6 19. Ne5 Qd6 20. g3 Raf8 21. Ng4 R6f7
22. Qd3 Rf5 23. Qe2 Bc8 24. Rd3 Nc6 25. Nd1 e5 26. dxe5 Nxe5 27. Nxe5 Rxe5 28.
Re3 Rfe8 29. Qd2 d4 30. Rxe5 Rxe5 31. Bc4+ Kh8 32. Rxe5 Qxe5 33. Qe2 b5 34. Bd3
Qxe2 35. Bxe2 Be6 36. b3 Bf5 37. Nb2 Bxc2 38. Bd3 Bxd3 39. Nxd3 Bf8 40. b4 Kg7
41. Kg2 g4 42. f3 gxf3+ 43. Kxf3 Bd6 44. g4 Kf6 45. a3 Kg5 46. Nf2 Kh4 47. Nd3
c6 48. Nf2 c5 49. Ne4 cxb4 50. Nxd6 bxa3 51. Nf5+ Kg5 52. Nxd4 a2 53. Nb3 a5
54. Kg3 a4 55. Nc5 Kf6 0-1

[Event "Commonwealth Chess Championship 2008"]
[Site "Nagpur India"]
[Date "2008.10.05"]
[Round "?"]
[White "Sharma, Himanshu"]
[Black "S, Nitin"]
[Result "1-0"]
[WhiteElo "2423"]
[BlackElo "2303"]
[PlyCount "89"]
[EventDate "2008.09.28"]
[Source "MonRoi"]

1. e4 c5 2. Nf3 d6 3. d4 cxd4 4. Nxd4 Nf6 5. Nc3 a6 6. Be2 e5 7. Nb3 Be7 8. Bg5
Nbd7 9. O-O O-O 10. a4 h6 11. Be3 b6 12. f3 Bb7 13. Bc4 Qc7 14. Qe2 Rfc8 15.
Nd2 Nc5 16. Rfd1 Ne6 17. Kh1 Nf4 18. Qf2 d5 19. Bxb6 Qb8 20. Nxd5 Bxd5 21. exd5
N6xd5 22. a5 Qb7 23. Bb3 Rab8 24. Nc4 Nxb6 25. Qxb6 Rc5 26. Qxb7 Rxb7 27. Nb6
Rcc7 28. g3 Ng6 29. Bd5 Ra7 30. Be4 Nf8 31. Nd5 Rd7 32. Nxe7+ Rxe7 33. Rd8 g6
34. Rad1 f5 35. Bd3 Kg7 36. Rd6 Ne6 37. Rxa6 Rxa6 38. Bxa6 Nd4 39. c3 Nxf3 40.
Be2 Ng5 41. a6 f4 42. Kg2 Ne4 43. Ra1 Ra7 44. gxf4 exf4 45. Kf3 1-0

[Event "Commonwealth Chess Championship 2008"]
[Site "Nagpur India"]
[Date "2008.10.05"]
[Round "?"]
[White "Kore, Akshayraj"]
[Black "Sohan, Phadke"]
[Result "1/2-1/2"]
[WhiteElo "2392"]
[BlackElo "2283"]
[PlyCount "91"]
[EventDate "2008.09.28"]
[Source "MonRoi"]

1. e4 c5 2. Nf3 Nc6 3. d4 cxd4 4. Nxd4 Nf6 5. Nc3 e5 6. Ndb5 d6 7. Bg5 a6 8.
Na3 b5 9. Nd5 Be7 10. Bxf6 Bxf6 11. c3 Bb7 12. Nc2 Ne7 13. Nce3 Nxd5 14. Nxd5
O-O 15. a4 Bc6 16. a5 Bg5 17. Be2 Ra7 18. O-O Qa8 19. Nb6 Qd8 20. Qd3 f5 21.
exf5 e4 22. Qh3 d5 23. Rad1 Raf7 24. Bh5 Rxf5 25. Bg4 Re5 26. Bd7 Rf6 27. Bxc6
Rxc6 28. Nd7 Rh6 29. Qg4 Rh4 30. Nxe5 Rxg4 31. Nxg4 b4 32. Ne3 Bxe3 33. fxe3
bxc3 34. bxc3 Qxa5 35. c4 dxc4 36. Rd4 Qc7 37. Rxe4 h6 38. Rff4 c3 39. Rc4 Qe5
40. Rfe4 Qf5 41. Re8+ Kh7 42. h3 Qd3 43. Rec8 Qxe3+ 44. Kh1 Qe1+ 45. Kh2 Qe5+
46. Kh1 1/2-1/2

[Event "Commonwealth Chess Championship 2008"]
[Site "Nagpur India"]
[Date "2008.10.05"]
[Round "?"]
[White "Manisha Mohanty, Kiran"]
[Black "S  Dhopade, Swapnil"]
[Result "1/2-1/2"]
[WhiteElo "2246"]
[BlackElo "2389"]
[PlyCount "64"]
[EventDate "2008.09.28"]
[Source "MonRoi"]

1. e4 c5 2. Nf3 d6 3. d4 cxd4 4. Nxd4 Nf6 5. Nc3 g6 6. Be3 Bg7 7. f3 O-O 8. Qd2
Nc6 9. O-O-O d5 10. exd5 Nxd5 11. Nxc6 bxc6 12. Bd4 Bxd4 13. Qxd4 Qc7 14. Bc4
Nb6 15. Be2 Bf5 16. g4 Rfd8 17. Qc5 Be6 18. h4 Nd5 19. Nxd5 Bxd5 20. Qc3 Qf4+
21. Kb1 a5 22. h5 g5 23. h6 f6 24. Rhe1 e5 25. a3 Rd7 26. Rd3 Rb7 27. Red1 Rab8
28. b3 a4 29. b4 Qh2 30. Qd2 Qxh6 31. c4 Bf7 32. Rd8+ Kg7 1/2-1/2

[Event "Commonwealth Chess Championship 2008"]
[Site "Nagpur India"]
[Date "2008.10.05"]
[Round "?"]
[White "Hafizulhelmi, Mas"]
[Black "R, Premnath"]
[Result "0-1"]
[WhiteElo "2385"]
[BlackElo "2257"]
[PlyCount "60"]
[EventDate "2008.09.28"]
[Source "MonRoi"]

1. e4 c5 2. Nf3 d6 3. d4 cxd4 4. Nxd4 Nf6 5. Nc3 g6 6. Be3 Bg7 7. f3 Nc6 8. Qd2
O-O 9. Bc4 Bd7 10. O-O-O Rb8 11. Bb3 Na5 12. g4 b5 13. Bh6 Bxh6 14. Qxh6 b4 15.
Nce2 Nxb3+ 16. Nxb3 Qb6 17. e5 dxe5 18. h4 Bc6 19. Rdf1 Bb5 20. Rh2 Rbc8 21. h5
Qc6 22. Na1 Bxe2 23. Rxe2 Qa6 24. Qe3 Nd5 25. Qxe5 Nf4 26. Qxf4 Qxe2 27. Rh1
Rc4 28. Qh6 Rfc8 29. Kb1 Rxc2 30. Nxc2 Rxc2 0-1

[Event "Commonwealth Chess Championship 2008"]
[Site "Nagpur India"]
[Date "2008.10.05"]
[Round "?"]
[White "Ravichandran, Tejas"]
[Black "Guy, West"]
[Result "1/2-1/2"]
[WhiteElo "2123"]
[BlackElo "2342"]
[PlyCount "55"]
[EventDate "2008.09.28"]
[Source "MonRoi"]

1. Nf3 Nf6 2. c4 c5 3. Nc3 e6 4. d4 cxd4 5. Nxd4 Bb4 6. Ndb5 d5 7. cxd5 exd5 8.
Bg5 O-O 9. Rc1 Nc6 10. e3 Be6 11. Be2 h6 12. Bh4 d4 13. Nxd4 Nxd4 14. exd4 Bxa2
15. O-O Be6 16. Bf3 g5 17. Bg3 Nd5 18. Be4 Re8 19. Qf3 Bxc3 20. bxc3 b5 21. Be5
g4 22. Qg3 Qg5 23. f4 gxf3 24. Qxf3 Rad8 25. Qd3 f6 26. Bg3 a5 27. Ra1 a4 28.
Be1 1/2-1/2

[Event "Commonwealth Chess Championship 2008"]
[Site "Nagpur India"]
[Date "2008.10.05"]
[Round "?"]
[White "Upadhyaya, Anwesh"]
[Black "Abhijeet, Gupta"]
[Result "0-1"]
[WhiteElo "2189"]
[BlackElo "2551"]
[PlyCount "90"]
[EventDate "2008.09.28"]
[Source "MonRoi"]

1. Nf3 Nf6 2. c4 c6 3. g3 d5 4. cxd5 cxd5 5. Bg2 Nc6 6. d4 Bf5 7. O-O e6 8. Nc3
Be7 9. b3 O-O 10. Bb2 Qa5 11. a3 Ne4 12. Nxe4 Bxe4 13. Nd2 Bg6 14. Re1 Rac8 15.
Rc1 Qb6 16. e3 Rc7 17. Bf1 Rfc8 18. Qe2 a5 19. Qd1 h6 20. Nb1 a4 21. Nc3 Qxb3
22. Nxa4 Na5 23. Rxc7 Rxc7 24. Qxb3 Nxb3 25. Nc3 Rc8 26. Bb5 Ra8 27. a4 Bb4 28.
Rd1 Rc8 29. Na2 Bd2 30. Ba3 Be4 31. Bd6 Ba5 32. Bd3 Nd2 33. Bxe4 Nxe4 34. Bb4
Rc2 35. Bxa5 Rxa2 36. Be1 Rxa4 37. Rc1 Nd6 38. Rc7 b6 39. g4 Ra1 40. Kf1 Rb1
41. h4 b5 42. Rd7 Nc4 43. Rb7 b4 44. Ke2 b3 45. Bc3 b2 0-1

[Event "Commonwealth Chess Championship 2008"]
[Site "Nagpur India"]
[Date "2008.10.05"]
[Round "?"]
[White "Kidambi, Sundararajan"]
[Black "Kherdekar, Saurabh"]
[Result "1-0"]
[WhiteElo "2446"]
[BlackElo "2213"]
[PlyCount "55"]
[EventDate "2008.09.28"]
[Source "MonRoi"]

1. d4 d5 2. c4 c6 3. Nc3 dxc4 4. e4 b5 5. a4 b4 6. Na2 Nf6 7. e5 Nd5 8. Bxc4 e6
9. Nf3 a5 10. O-O Ba6 11. Bxa6 Nxa6 12. Bd2 Be7 13. Nc1 O-O 14. Nb3 c5 15. Qe2
cxd4 16. Nfxd4 Qb6 17. Qb5 Nc5 18. Qxb6 Nxb6 19. Nxa5 Ncxa4 20. Ndc6 Bc5 21. b3
Nb2 22. Bxb4 Bxb4 23. Nxb4 Rfd8 24. Nac6 Rxa1 25. Rxa1 Rd2 26. Kf1 g5 27. Ke1
Rd7 28. Ke2 1-0